zpět

Detail výsledku týmu

Bounty Rock Cafe, Olomouc

Datum a čas kvízu

20 Celkem bodů Celkový počet nahraných bodů na tomto kvízu bez doplňovacích otázek.
11. Pořadí na kvízu Konečné umístění týmu na tomto kvízu.

Zaznamenané odpovědi

# Otázka Odpověď Body Výsledky
1. Žena, která nastoupila loni v... Jana Vohralíková, Petr Kolář 0
2. Tento ruský opoziční politik v... Boris Naděždin 0
3. Ve čtvrtek byl na Netflixu ods... narkobaronka (šéfka kokainové mafie) 0
4. Firma Apple se minulý týden po... umožní instalovat aplikace i z jiných zdrojů než AppStore 0
5. Který Evropan nasázel minulý t... Luka Dončić 1
6. Nejvíce dvojčat na světě se ro... Nigérie 1
7. Dvojčata si mohou v dětském vě... kryptofázie 0
8. Jako dvojčata byly označovány... WTC 1
9. Jak se jmenuje herec, jehož dv... Kiefer Sutherland 0
10. Na závěr tématu se podíváme na... paterčata 0